00813cam a22002177a 4500003000500000005001700005008004100022010001000063011001000073035001000083040000900093082001500102100003200117245004200149260007500191300002000266490009900286650003400385710007700419830009900496CHAP20220329141723.0971013s1973 r 00010 d a72771 a73743 a83301 cCHAP a633.61bG300aGarcía Espinoza, Alfonso. 0aManual de campo en caña de azúcar aMéxico, D.F. :bComisión Nacional de la Industria Azucarera,c1973 a224 p.b: ilus. 0aComisión Nacional de la Industria Azucarera. IMPA. Serie Divulgación Técnica. Librov; 314aCaña de azúcarzMéxico.0 aInstituto para el Mejoramiento de la Producción de Azúcar. México.0 aComisión Nacional de la Industria Azucarera. IMPA. Serie Divulgación Técnica. Librov; 3